| 000 | 00725nam a22002177a 4500 | ||
|---|---|---|---|
| 003 | 0 | ||
| 005 | 20241011133149.0 | ||
| 008 | 241011b xxu||||| |||| 00| 0 eng d | ||
| 020 | _a9781350137622 | ||
| 050 |
_aPN 1995 _b.B47 2023 |
||
| 100 |
_aBerry, Jess, _eauthor. |
||
| 245 |
_aCinematic style : _bfashion, architecture and interior design on film / _cJess Berry. |
||
| 260 |
_aNew York, NY : _bBloomsbury Visual Arts, _c2022. |
||
| 300 |
_axi, 212 p. : _bill. ; _c24 cm. |
||
| 504 | _aIncludes bibliographical references and index. | ||
| 650 | _aArchitecture. | ||
| 650 | _aArchitecture in motion pictures. | ||
| 650 | _aFashion in motion pictures. | ||
| 650 | _aInterior decoration in mass media. | ||
| 942 |
_2lcc _cBK |
||
| 999 |
_c366513 _d366513 |
||